Bancos privados: análisis discriminante por área de riesgo y su relación con el rendimiento /

Պահպանված է:
Մատենագիտական մանրամասներ
Հիմնական հեղինակ: Alfaro Vargas, Gabriela
Այլ հեղինակներ: Muñoz Salas, Evelyn
Ձևաչափ: Տեքստ
Ցուցիչներ: Ավելացրեք ցուցիչ
Չկան պիտակներ, Եղեք առաջինը, ով նշում է այս գրառումը!

MARC

LEADER 00000 a a2200000 04500
001 2995
003
040
100 |a Alfaro Vargas, Gabriela  
245 |a Bancos privados:   |b análisis discriminante por área de riesgo y su relación con el rendimiento /  |c Gabriela Alfaro Vargas 
700 |a Muñoz Salas, Evelyn  
773 |g volumen 17, número 2; páginas 151-213  
999 |c 25678  |d 25678